000 00843cam a22002894a 4500
005 20230123114814.0
008
020 _a9780073520711 (hbk.)
040 _cNUST
049 _aMAIN
090 _aRC86.7
_bCHA
100 _aChapleau, Will.
245 0 4 _aThe paramedic /
_cWill Chapleau ... [et al.]
250 _a1st ed.
260 _aNewyork :
_bMcGraw-Hill,
_c2009.
300 _axLvi, 1426p. :bill. ;
_c29cm.
500 _aIncludes index.
504 _aIncludes bibliographical references.
650 0 _aMedical emergencies.
650 0 _aEmergency medical technicians.
650 2 2 _aEmergency Medical Services.
700 1 _aBurba, Angel C.
700 _aPage, David
700 _aPons, Peter T.
907 _a.b10291325
_b09-03-11
_c15-02-11
942 _cBOOKS
_kRC86.7
_mCHA
999 _c116653
_d116653